000 00563nam a2200205Ia 4500
005 20250326141821.0
008 250326s9999 xx 000 0 und d
020 _a81-7100-131-9
037 _aTextbook
040 _aFMSL
_beng
_cFMSL
041 _aeng
_2eng
084 _aL:14 M9.2
_qFMSL
100 _aGoel S L
245 0 _aHospital administration and management
_cGoel S L; Kumar R
260 _aNew Delhi
_bNew Delhi, Deep & Deep
_c1989
300 _aviii,291
490 _vVol II
942 _cTB
_hL:14 M9.2
999 _c1292116
_d1292116